Statistics for ABBA - Knowing me, Knowing you - Lyics

Click here to take the quiz!

General Stats

  • This quiz has been taken 577 times
  • The average score is 119 of 146

Answer Stats

Answer% Correct
I
98%
know
98%
you
98%
knowing
97%
me
97%
the
97%
can
95%
do
95%
No
95%
is
94%
we
93%
there
90%
be
89%
nothing
89%
to
89%
go
88%
it
88%
best
86%
have
86%
in
82%
this
82%
through
82%
more
81%
time
81%
an
80%
it's
77%
we're
77%
but
76%
never
76%
up
76%
easy
75%
my
75%
face
73%
good
73%
just
73%
a-ha
72%
breaking
72%
empty
72%
ever
70%
goodbye
70%
eyes
69%
tears
69%
after
68%
house
68%
walking
68%
carefree
66%
laughter
66%
where
66%
ends
65%
story
64%
silence
61%
say
60%
children
55%
now
55%
play
54%
bad
52%
there's
52%
days
51%
only
51%
familiar
48%
rooms
48%
with
47%
would
47%
always
45%
emptiness
45%
these
45%
old
42%
memories
39%
they'll
34%

Score Distribution

Percentile by Number Answered

Percent of People with Each Score

Your Score History

You have not taken this quiz